| 000 | 00788cam a2200277 i 4500 | ||
|---|---|---|---|
| 001 | 1792437 | ||
| 003 | OSt | ||
| 005 | 20140310182716.0 | ||
| 008 | 790115s1979 nyu 000 0 eng | ||
| 010 | _a 78020559 | ||
| 020 | _a0345287363 | ||
| 040 |
_aDLC _cDLC _dDLC |
||
| 050 | 0 | 0 |
_aPS 3562 _b.L581 1980 |
| 082 | 0 | 0 |
_aM 814.54 _bL55 1980 |
| 100 | 1 |
_aLeonard, John, _d1939-2008. |
|
| 245 | 1 | 0 |
_aPrivate lives in the imperial city _cLeonard, John |
| 250 | _a1st ed. | ||
| 260 |
_aNew York _bBallantine Books _cc1980 |
||
| 300 |
_aix, 209 p. _c22 cm. |
||
| 521 | _aCollege Student | ||
| 526 | _c1210L to 1700L | ||
| 541 | _j1 | ||
| 562 | _efor circulation. 1 copy available in the collection | ||
| 906 |
_a7 _bcbc _corignew _d1 _eocip _f19 _gy-gencatlg |
||
| 942 |
_2lcc _cBK _kM |
||
| 999 |
_c15286 _d15286 |
||